00886 a2200193 45000010006000000050017000060080041000230030015000640400040000790800048001192450084001670200022002512640033002733000019003065050234003250410008005591000026005678560099005935927520260407155846.0260407a2016 arg spa dAR-UNSa-BCEJYS aAR-UNSa-BCEJYSbspacAR-UNSa-BCEJYS a657:338.58xContabilidad Social y Ambiental10aLa nueva contabilidad E.S.A.pGlobalización y medioambiente. América Latina a978-987-02-8801-5 1aBuenos Aires :bDunkenc2016 a143 p.c22 cm. a1. Desarrollo del proceso de globalización y contabilidad. América Latina - 2. Contabilidad tridimensional E.S.A.: económico, social y ambiental. Amenaza ambiental y su contribución a las decisiones privadas y públicas  aspa1 aLang, Víctor Manuel41uhttps://www.biblioeco.unsa.edu.ar/pmb/images/libros/L129032.jpgyImagen de portadaqimage/jpeg